<?xml version="1.0" encoding="UTF-8"?>
<record
    xmlns:xsi="http://www.w3.org/2001/XMLSchema-instance"
    xsi:schemaLocation="http://www.loc.gov/MARC21/slim http://www.loc.gov/standards/marcxml/schema/MARC21slim.xsd"
    xmlns="http://www.loc.gov/MARC21/slim">

  <leader>04706nam a2200337 i 4500</leader>
  <controlfield tag="001">104</controlfield>
  <controlfield tag="003">gtuscu</controlfield>
  <controlfield tag="005">20241127152648.0</controlfield>
  <controlfield tag="007">ta</controlfield>
  <controlfield tag="008">241127b2003    |||||||| |||| 001 0 spa d</controlfield>
  <datafield tag="040" ind1=" " ind2=" ">
    <subfield code="a">gtuscu</subfield>
    <subfield code="b">spa</subfield>
    <subfield code="c">gtuscu</subfield>
    <subfield code="d">gtuscu</subfield>
    <subfield code="e">rda</subfield>
  </datafield>
  <datafield tag="082" ind1=" " ind2=" ">
    <subfield code="a">CEUR 378.1 P699</subfield>
  </datafield>
  <datafield tag="110" ind1="1" ind2=" ">
    <subfield code="a">Universidad de San Carlos de Guatemala,</subfield>
    <subfield code="b">Centro de Estudios Urbanos y Regionales</subfield>
  </datafield>
  <datafield tag="245" ind1=" " ind2=" ">
    <subfield code="a">Plan Estrat&#xE9;gico :</subfield>
    <subfield code="b">2003-2022 /</subfield>
    <subfield code="c">editores Mario Alfonso Bravo Soto y Huber Ernesto Palma Urrutia.</subfield>
  </datafield>
  <datafield tag="264" ind1="1" ind2=" ">
    <subfield code="a">Guatemala :</subfield>
    <subfield code="b">Universidad de San Carlos de Guatemala, Centro de Estudios Urbanos y Regionales,</subfield>
    <subfield code="c">2003.</subfield>
  </datafield>
  <datafield tag="300" ind1=" " ind2=" ">
    <subfield code="a">253 p&#xE1;ginas :</subfield>
    <subfield code="c">27.5 cm</subfield>
  </datafield>
  <datafield tag="336" ind1=" " ind2=" ">
    <subfield code="2">rdacontenido</subfield>
    <subfield code="a">texto</subfield>
    <subfield code="b">txt</subfield>
  </datafield>
  <datafield tag="337" ind1=" " ind2=" ">
    <subfield code="2">rdamedio</subfield>
    <subfield code="a">sin mediaci&#xF3;n</subfield>
    <subfield code="b">n</subfield>
  </datafield>
  <datafield tag="338" ind1=" " ind2=" ">
    <subfield code="2">rdasoporte</subfield>
    <subfield code="a">volumen</subfield>
    <subfield code="b">nc</subfield>
  </datafield>
  <datafield tag="500" ind1=" " ind2=" ">
    <subfield code="a">Facilitador Huber Ernesto Palma Urrutia; coordinadora Amanda Mor&#xE1;n; Investigadores-CEUR Jos&#xE9; Luis D&#xED;az, Oscar Guillermo Pel&#xE1;ez Almengor, Enrique Gordillo y Mario Alfonso Bravo Soto; Auxiliares-CEUR Florent&#xED;n Mart&#xED;nez, Rafael Valladares, Nelson Morales, Blanca Ileana Ord&#xF3;nez; Personal administrativo Patricia Casta&#xF1;eda de Carrillo, Edith de Ruano, Julio Reyes, Guillermina Valenzuela.


</subfield>
  </datafield>
  <datafield tag="505" ind1="0" ind2=" ">
    <subfield code="t">Presentaci&#xF3;n --</subfield>
  </datafield>
  <datafield tag="505" ind1="0" ind2=" ">
    <subfield code="t">Introducci&#xF3;n --</subfield>
  </datafield>
  <datafield tag="505" ind1="0" ind2=" ">
    <subfield code="g">Primera Parte</subfield>
    <subfield code="t">Cap&#xED;tulo I Descripci&#xF3;n del Centro de Estudios Urbanos y Regionales, CEUR --</subfield>
  </datafield>
  <datafield tag="505" ind1="0" ind2=" ">
    <subfield code="t">Cap&#xED;tulo II An&#xE1;lisis estrat&#xE9;gico del Centro de Estudios Urbanos y Regionales, CEUR --</subfield>
  </datafield>
  <datafield tag="505" ind1="0" ind2=" ">
    <subfield code="g">Segunda Parte</subfield>
    <subfield code="t">Cap&#xED;tulo III Dise&#xF1;o del Plan estrat&#xE9;gico (2003-2022) del Centro de Estudios Urbanos y Regionales, CEUR</subfield>
  </datafield>
  <datafield tag="505" ind1="0" ind2=" ">
    <subfield code="g">Tercera Parte</subfield>
    <subfield code="t">Anexos Insumos y referencias del proceso de planificaci&#xF3;n</subfield>
  </datafield>
  <datafield tag="520" ind1="3" ind2=" ">
    <subfield code="a">Tomado de la Presentaci&#xF3;n: 

La Planeaci&#xF3;n Estrat&#xE9;gica, es una modalidad de organizaci&#xF3;n del trabajo que, en a&#xF1;os recientes ha venido abri&#xE9;ndose campo dentro de los organismos gubernamentales, interesados en elevar su eficacia y eficiencia.
La Universidad de San Carlos de Guatemala ha asumido el reto de replantear la ejecuci&#xF3;n de sus funciones y atribuciones constitucionales y las que emanan de su normativa propia, desde la l&#xF3;gica organizativa que provee esta modalidad, en raz&#xF3;n de lo cual ha venido trabajando en la elaboraci&#xF3;n de su Plan Estrat&#xE9;gico para el per&#xED;odo 2002-2022, el cual est&#xE1; por concluir.
En correspondencia con lo anterior y en respuesta a una serie de inquietudes que en distintos per&#xED;odos se manifestaron en el seno del Cuerpo T&#xE9;cnico de Investigadores y Auxiliares de Investigaci&#xF3;n del Centro de Estudios Urbanos y regionales, como parte del debate dentro del Seminario Interno Permanente, se plante&#xF3; el desaf&#xED;o de anticiparnos a lo que ser&#xE1; una tarea obligatoria para todas las unidades acad&#xE9;micas y administrativas de la USAC en el futuro inmediato, por lo que se hizo la solicitud pertinente a efecto de que el Consejo Directivo del CEUR aprobara la formulaci&#xF3;n de una propuesta de Plan Estrat&#xE9;gico 2003-2022 de nuestra instituci&#xF3;n, como actividad central de toda la entidad durante el primer semestre del presente a&#xF1;o. Esta solicitud fue aprobada y se orient&#xF3; a definir o redefinir una serie de cuestiones de orden conceptual y metodol&#xF3;gico de cardinal importancia para el trabajo del CEUR, todo lo cual qued&#xF3; plasmado en la memoria del &#x201C;Encuentro entre el Consejo Directivo y Cuerpo T&#xE9;cnico del CEUR&#x201D;, celebrado el d&#xED;a 28 de febrero de 2003 (Tercera Parte. Anexo No. 1).
El resultado del esfuerzo realizado en tal direcci&#xF3;n, lo constituye la presente publicaci&#xF3;n que recoge el Plan Estrat&#xE9;gico 2003-2022 del Centro de Estudios Urbanos y Regionales, que la Coordinaci&#xF3;n y el Cuerpo T&#xE9;cnico del CEUR ponen a disposici&#xF3;n de las Autoridades y comunidad universitaria.
Este Plan fue enriquecido con las opiniones, modificaciones, supresiones o adiciones que emanaron de los miembros de referencia fundamental, el Plan Estrat&#xE9;gico de la USAC.
Los consensos alcanzados tras los enriquecedores debates, como parte del proceso de elaboraci&#xF3;n de la presente propuesta, fueron la base s&#xF3;lida para que de inmediato se pudiera iniciar, el pasado 1 de julio de 2003, la fase inicial que es considerada la &#x201C;Etapa de Puesta en Marcha del Plan Estrat&#xE9;gico del CEUR&#x201D;, la cual aparece expuesta en el presente documento, as&#xED; como el Primer Plan Operativo julio-diciembre 2003.
Con la publicaci&#xF3;n del presente documento y su difusi&#xF3;n, esperamos contribuir tambi&#xE9;n a una mejor relaci&#xF3;n entre todas las unidades acad&#xE9;micas y centros de investigaci&#xF3;n de nuestra Universidad.

La Coordinaci&#xF3;n.
</subfield>
  </datafield>
  <datafield tag="650" ind1="1" ind2="4">
    <subfield code="a">Educaci&#xF3;n Superior</subfield>
    <subfield code="v">Fines y objetivos</subfield>
    <subfield code="2">LEMB</subfield>
  </datafield>
  <datafield tag="650" ind1="1" ind2="4">
    <subfield code="a">Pol&#xED;tica de educaci&#xF3;n superior</subfield>
    <subfield code="2">LEMB</subfield>
  </datafield>
  <datafield tag="942" ind1=" " ind2=" ">
    <subfield code="2">ddc</subfield>
    <subfield code="c">BK</subfield>
    <subfield code="n">0</subfield>
  </datafield>
  <datafield tag="999" ind1=" " ind2=" ">
    <subfield code="c">104</subfield>
    <subfield code="d">104</subfield>
  </datafield>
  <datafield tag="952" ind1=" " ind2=" ">
    <subfield code="0">0</subfield>
    <subfield code="1">0</subfield>
    <subfield code="2">ddc</subfield>
    <subfield code="4">0</subfield>
    <subfield code="7">0</subfield>
    <subfield code="8">gn</subfield>
    <subfield code="a">BICEUR</subfield>
    <subfield code="b">BICEUR</subfield>
    <subfield code="d">2022-05-18</subfield>
    <subfield code="e">Donaci&#xF3;n CEUR</subfield>
    <subfield code="i">16H-BF23</subfield>
    <subfield code="l">0</subfield>
    <subfield code="o">CEUR 378.1 P699</subfield>
    <subfield code="p">BFQS00023</subfield>
    <subfield code="r">2024-11-27 15:03:00</subfield>
    <subfield code="y">BK</subfield>
    <subfield code="z">Disponible</subfield>
  </datafield>
  <datafield tag="952" ind1=" " ind2=" ">
    <subfield code="0">0</subfield>
    <subfield code="1">0</subfield>
    <subfield code="2">ddc</subfield>
    <subfield code="4">0</subfield>
    <subfield code="7">0</subfield>
    <subfield code="8">gn</subfield>
    <subfield code="a">BICEUR</subfield>
    <subfield code="b">BICEUR</subfield>
    <subfield code="d">2018-10-08</subfield>
    <subfield code="i">16H-15004-4060/18</subfield>
    <subfield code="l">0</subfield>
    <subfield code="o">CEUR 378.1 P699 C.2</subfield>
    <subfield code="p">BFQS00024</subfield>
    <subfield code="r">2024-11-27 15:03:00</subfield>
    <subfield code="t">2</subfield>
    <subfield code="y">BK</subfield>
    <subfield code="z">Disponible</subfield>
  </datafield>
</record>
